[Event "Excelsior Cup"]
[Site "Gothenburg"]
[Date "1998.01.10"]
[Round "4"]
[White "Akesson, Ralf"]
[Black "Brynell, Stellan"]
[Result "1-0"]
[WhiteElo "2505"]
[BlackElo "2475"]
[Annotator "Huzman,A"]
[PlyCount "77"]
[EventDate "1998.01.07"]
[EventType "tourn"]
[EventRounds "9"]
[EventCountry "SWE"]
[EventCategory "9"]
[SourceTitle "CBM 063"]
[Source "ChessBase"]
[SourceDate "1998.03.26"]
[SourceVersion "1"]
[SourceVersionDate "1998.03.26"]
[SourceQuality "1"]

1. d4 d5 2. c4 dxc4 3. e3 Nf6 4. Bxc4 e6 5. Nf3 c5 6. O-O a6 7. Bb3 {Winants:
Kasparov avait déjà joué ainsi quelques semaines auparavant, lors de la
simultanée en deux tours disputée contre l'équipe nationale d'Argentine, pour
vaincre la résistance du grand-maître Spangenberg.  L'idée remonte а une
trentaine d'années. On la retrouve notamment aux olympiades de Varna en 1962,
dans les parties du champion tchèque Miroslav Filip, et aussi dans l'une des
rencontres du match Botvinnik-Petrosian de 1963. Le recul du Fou anticipe le
coup ...b5, pour attaquer les pions noirs immédiatement avec a4.} b5 {Winants:
Les ouvrages théoriques recommandent 7...Nc6 ou 7...cxd4. Piket pourtant,
avait déjà abordé cette variante de l'autre côté de l'échiquier et on peut
donc supposer qu'il avait effectué son choix en connaissance de cause.} 8. a4
b4 {Ceci réduit le potentiel du Bf8 et abandonne en même temps le contrôle du
point c4.} 9. e4 (9. a5 Bb7 10. Nbd2 Nbd7 11. e4 Nxe4 12. Nxe4 Bxe4 13. Ng5 Bd5
14. Bxd5 exd5 15. Re1+ Be7 16. Qh5 g6 17. Qh6 Nf6 18. Qg7 Kd7 19. Qxf7 {
1-0 Cvitan,O-Giertz,N/Biel op MTO 1997}) (9. Nbd2 Bb7 10. e4 {Winants: Un
gambit audacieux mais correct. Les Blancs ont pour but d'exploiter la position
du Roi noir, ou de gagner du terrain au centre en établissant le fantassin le
e5.} cxd4 11. e5 Nfd7 (11... Nd5 {Une nouveauté semble-t-il.} 12. Nc4 Nc6 (
12... Be7 13. Bg5 O-O 14. Nd6 Bxg5 15. Nxb7 Qe7 16. Nxg5 Qxg5 17. Bxd5 exd5 18.
Qxd4 $16 {Praszak,M-Estrada Nieto,J/MK Cafe op 1997/1-0 (72)}) 13. Bg5 Qd7 {
Piket avait probablement examiné cette position а domicile.} 14. Rc1 {Winants:
Une conception remarquable. Il semblerait que les pièces noires soient bien
disposées: le Bb7 contrôle la grande diagonale et le Nd5 occupe un avant-poste.
Or, en y regardant de plus près, on s'aperçoit qu'elles se gênent mutuellement.
C'est justement pourquoi Kasparov évite de provoquer des simplifications en
capturant le Pd4. Son but consiste avant tout а prendre l'avantage via une
meilleure conjugaison des forces} h6 15. Bh4 Bc5 16. Nfd2 $1 {[%cal Gd2e4,
Ge4d6,Gc4d6] Winants: La pointe des coups précédents. Le Cavalier se dirige
vers e4, pour profiter du soldat avancé (points d6 et f6)} O-O 17. Ne4 Be7 18.
Bg3 $1 {[%csl Ge5][%cal Gc4d6,Ge4c5] On voit maintenant а quel point le 14e
coup des noirs était erroné. Les Cavaliers sont non seulement privés de la
case e7, mais pire encore, la diagonale b1-h7 reste désormais sans défense.}
Qd8 19. Ncd6 Na5 20. Bc2 b3 21. Bb1 {[%cal Gd1d3,Gd3h7]} Qb6 22. Qd3 {[%cal
Ge4f6]} g6 23. Nc5 {[%cal Gc5e6] Menaçant а la fois 24.Nd7, et 24.Nxe6} Bc8 24.
h4 {[%cal Gh4h5]} Nc6 25. a5 $1 {Ftacnik: Ein wunderschoenes Opfer verdirbt
die Koordiantion der schwarzen Kraefte. Un joli sacrifice de déviation.} Qxa5
26. Nxf7 $1 $18 {1-0 Kasparov,G-Piket,J/Fontys 1997 (29)}) 12. Nc4 Nc6 (12...
Nc5 $5 13. Bg5 f6 14. exf6 gxf6 15. Nfe5 h5 16. Ng6 Qd5 $17 {0-1 Slipak,
S-Spangenberg,H/Buenos Aires Najdorf 1996 (30)}) 13. Bg5 Qc7 14. Rc1 Bc5 15.
Nxd4 Ndxe5 16. Nxe5 Qxe5 17. Nf3 Qd6 18. Qc2 Ba7 19. Rfd1 Qc7 20. Qe4 O-O 21.
Bf4 Qb6 22. Be3 Qa5 23. Ng5 Qf5 24. Qxf5 exf5 25. Bxa7 Rxa7 26. Nxf7 $16 {
1-0 Topalov,V-Lautier,J/Amber-rapid6th 1997 (30)}) 9... cxd4 (9... Bb7 10. e5
Nfd7 11. d5 Bxd5 12. Bxd5 exd5 13. Qxd5 Nb6 14. Qb7 Qc8 15. Qe4 Qc6 16. Qg4 Qg6
17. Qxg6 hxg6 18. a5 N6d7 19. Re1 Be7 20. e6 fxe6 21. Rxe6 $14 {Hillarp
Persson,T-Yakovich,Y/Koge op 1997/0-1 (63)}) 10. e5 Nfd7 11. Bg5 (11. Qxd4 Nc6
12. Qf4 Qc7 13. Re1 Bb7 $13 {[%cal Yd7c5]}) 11... Be7 (11... Qc7 12. Nbd2 {
[%cal Ga1c1]} (12. Qxd4 Nc6 13. Qc4 Nc5 (13... Bc5 $15 {[%cal Yc6a5]}) 14. Nbd2
) 12... Nc6 13. Rc1 Nc5 14. Nc4 $44) 12. Bxe7 Qxe7 13. Qxd4 Nc6 (13... Bb7 14.
Nbd2 Nc6 15. Qf4 $14 {[%cal Gd2e4,Ge4d6]}) 14. Qg4 (14. Qf4 $142) 14... Bb7 $5
(14... O-O 15. Bc2 $1 {[%cal Gg4e4,Ge4h7,Ge4c6]} f5 (15... Bb7 $140 $2 16.
Bxh7+ Kxh7 17. Qh5+ Kg8 18. Ng5 $18) 16. exf6 Nxf6 (16... Qxf6 17. Qe4 $18) 17.
Qh4 $14) 15. Nbd2 (15. Qxg7 $5 O-O-O 16. Rc1 $1 {[%csl Rc8]} (16. Re1 h5 {
[%cal Yd8g8]} 17. Qg3 Rdg8 18. Qf4 (18. Qh3 Ncxe5 19. Nxe5 Bxg2 $19) 18... Nc5
(18... Rg4 19. Qe3 Rhg8 20. g3 h4 $132) 19. Qe3 Nxe5 20. Nxe5 Bxg2 $11) 16...
h5 (16... Rdg8 17. Qh6 Rg6 18. Qe3 Rhg8 19. g3 $16) (16... Kb8 17. Qg3 Na5 18.
Nbd2 Rhg8 19. Qf4 $140 $16 Nxb3 20. Nxb3 Bxf3 21. Qxf3 Nxe5 22. Qe4 Nd3 23. Na5
$1 $40) 17. Qg5 Qxg5 18. Nxg5 Ndxe5 19. Nxf7 Nxf7 20. Bxe6+ Rd7 21. Rd1 Nfe5
22. Bxd7+ Nxd7 $132) 15... O-O 16. Rfe1 Rfd8 {[%cal Yd7f8,Yd8d1]} 17. Nc4 h6 (
17... Nc5 18. Bc2 h6 $11 (18... b3 $140 $2 19. Bxh7+ Kxh7 20. Qh5+ Kg8 21. Ng5
$18)) 18. Re3 Rab8 {[%cal Yb7a8,Yd7c5,Yb4b3,Yb8b3]} (18... Nc5 19. Bc2 {
[%cal Gc2b3,Ge3b3]}) 19. Bc2 Ba8 20. Bb3 Nb6 (20... Nc5 $5 $15) 21. Nxb6 Rxb6
22. Qe4 $2 g6 $2 (22... Nd4 23. Qg4 Bxf3 24. gxf3 Rc6 $17) 23. Qf4 Kg7 24. h4
h5 $6 {[%csl Rf6,Rg5]} (24... Na5 25. h5 g5 $17) 25. Rd1 Rxd1+ (25... Rbb8 $5)
26. Bxd1 Rb8 27. Ng5 $1 $40 {[%cal Gd1h5,Ge3g3,Gg3g7]} Rd8 28. Bxh5 $1 Rd4 (
28... gxh5 29. Rg3 Rd1+ 30. Kh2 Kf8 31. Nh7+ Ke8 32. Rg8+ Kd7 33. Rxa8 $18) 29.
Qg3 $16 {[%cal Ge3f3,Gf3f7,Gg5f7,Gg3g6,Gh5g6]} Nd8 30. Bf3 Bxf3 31. Rxf3 $18 {
[%csl Rg7][%cal Gh4h5]} Qd7 32. h5 Rd1+ 33. Kh2 Qe7 34. Rf6 $1 {[%csl Rg6]} Rd5
35. f4 Qa7 36. hxg6 Rd1 37. Nf3 Kf8 38. g7+ Kg8 39. Rh6 1-0

[Event "Excelsior Cup"]
[Site "Gothenburg"]
[Date "1998.01.13"]
[Round "7"]
[White "Akesson, Ralf"]
[Black "Svensson, Bengt"]
[Result "1/2-1/2"]
[WhiteElo "2505"]
[BlackElo "2390"]
[Annotator "Huzman,A"]
[PlyCount "131"]
[EventDate "1998.01.07"]
[EventType "tourn"]
[EventRounds "9"]
[EventCountry "SWE"]
[EventCategory "9"]
[SourceTitle "CBM 063"]
[Source "ChessBase"]
[SourceDate "1998.03.26"]
[SourceVersion "1"]
[SourceVersionDate "1998.03.26"]
[SourceQuality "1"]

1. d4 d5 2. c4 dxc4 3. Nf3 Nf6 4. e3 e6 5. Bxc4 c5 6. O-O a6 7. e4 b5 8. Bd3
Bb7 9. Bg5 Be7 (9... cxd4 10. a4 bxa4 11. Rxa4 Be7 12. Rxd4 Nfd7 13. Qb3 Qb6
14. Qc3 f6 15. Be3 Bc5 16. Rc1 O-O 17. Bc4 Kh8 18. Rdd1 Bxe4 19. Nbd2 Bxe3 $5
20. Qxe3 Bd5 21. Bxd5 Qxe3 22. fxe3 exd5 23. Nb1 $11 {1/2-1/2 Shulman,
Y-Sherbakov,R/Kakhovka 1997 (37)}) (9... h6 10. Bxf6 Qxf6 11. a4 cxd4 12. axb5
a5 13. b6 Bc5 14. Qa4+ Ke7 15. Nbd2 Nd7 16. Nb3 e5 17. Nxa5 Qxb6 18. Bb5 Nf6
19. Nxe5 $16 {Rustemov,A - Dolgov,A/Moscow (ch) 1997 (27)}) 10. a4 (10. dxc5
Bxe4 11. Bxf6 Qxd3 12. Bxe7 Kxe7 13. Nbd2 Bxf3 14. Nxf3 Qxd1 15. Rfxd1 Rc8 16.
Rac1 Nc6 $11 {1/2-1/2 Shulman,Yuri-Vaulin,Alexander/Minsk op 1997 (20)}) 10...
c4 11. Bxf6 Bxf6 12. Bc2 O-O {Opening success of the black is defined by the
advantage of two bishops and the pawn advantage on the queen's side.} 13. axb5
axb5 14. Rxa8 Bxa8 15. Nc3 b4 (15... Qb6 16. e5 Be7 17. d5 $132) 16. Ne2 Nc6
17. Qd2 Qb6 18. e5 Be7 19. Be4 Na5 (19... Nxd4 20. Bxa8 Nxe2+ 21. Qxe2 Rxa8 22.
Qxc4 $15) 20. Bxa8 Rxa8 21. Qc2 Rc8 {/\32...c3 33.bc3 b3-/+} 22. Qa4 Nb3 23.
Qd7 Qd8 24. Qb7 (24. Qxd8+ Rxd8 $17 {[%csl Rb2][%cal Yd8a8,Ya8a2]}) 24... Qc7
25. Qe4 Qc6 26. Qc2 h6 (26... Ra8 $5) 27. Rd1 Qb5 28. Nf4 Rd8 29. h4 (29. Qe4
c3 30. bxc3 bxc3 31. d5 Qb4 32. Qxb4 Bxb4 33. Ne1 $15) 29... Na5 30. Qe4 Qa4
31. Re1 c3 32. bxc3 bxc3 33. Rc1 Qc4 {[%cal Ya5b3,Yb3d4]} 34. Rc2 Bb4 35. Nh5 (
35. Qd3 $142 Qb3 36. Ne2 $15) 35... Nc6 $1 {[%csl Rd4]} 36. Qg4 Bf8 $2 (36...
g6 37. Nf6+ Kg7 38. Nh5+ Kf8 $17) 37. Nf6+ Kh8 38. Ne4 (38. Ng5 $1 gxf6 39.
Nxf7+ Kh7 40. Nxd8 (40. h5 Qd3 41. Rxc3 Qb1+ 42. Kh2 Rxd4 $17) 40... f5 $5 (
40... Qxd4 41. Qxe6 (41. Qxd4 Nxd4 42. Nxe6 Nxc2 43. Nxf8+ Kg8 44. Ne6 Nb4 45.
Nc5 c2 46. Nb3 fxe5 47. Nc1 e4 $19) 41... Qd1+ (41... Nxd8 42. Qf5+ Kh8 43.
exf6 $13) 42. Kh2 Qxc2 43. Qf7+ Bg7 44. Ne6 $18) (40... Nxd8 41. exf6 Qd3 42.
Rc1 $13) 41. Qg3 Nxd4 42. h5 Bg7 43. Qg6+ Kg8 $11) 38... Nxd4 39. Nxd4 Rxd4 $19
40. f3 Bb4 (40... Qa4 $1 41. Rc1 (41. Rxc3 Rxe4 42. Qxe4 Qa1+ $19) 41... Rd1+
42. Rxd1 Qxd1+ 43. Kh2 c2 $19) 41. Qf4 Kg8 42. Qe3 Rd3 (42... Rd5 $5 $19) 43.
Qa7 Rd8 (43... Rd2 44. Rc1 (44. Qa4 Bc5+ 45. Nxc5 Qxa4 $19) 44... Qe2 $19) 44.
Kh2 Qd5 45. Qc7 Ba5 46. Qc5 Qxc5 47. Nxc5 Rd2 48. Rc1 Re2 49. Ne4 Bc7 $2 (49...
c2 50. Ng3 Rf2 51. Ne4 Bd2 $1 $19) 50. Nxc3 Bxe5+ 51. Kh3 Bxc3 $2 (51... Rb2
$17) 52. Rxc3 $15 g6 53. g4 Re5 54. Kg3 Kg7 55. Rc7 Ra5 56. Rb7 $11 g5 57. hxg5
hxg5 58. Rc7 Ra6 59. Rb7 Kg6 60. Rb8 f5 61. gxf5+ exf5 62. Rg8+ Kf6 63. Rf8+
Ke5 64. Re8+ Re6 65. Rg8 Kf6 66. Rf8+ 1/2-1/2

[Event "CRO-ch 6th"]
[Site "Pula"]
[Date "1998.01.19"]
[Round "10"]
[White "Cebalo, Miso"]
[Black "Cvitan, Ognjen"]
[Result "0-1"]
[WhiteElo "2515"]
[BlackElo "2560"]
[Annotator "Huzman,A"]
[PlyCount "64"]
[EventDate "1998.01.09"]
[EventType "tourn"]
[EventRounds "13"]
[EventCountry "CRO"]
[EventCategory "9"]
[SourceTitle "CBM 064"]
[Source "ChessBase"]
[SourceDate "1998.06.02"]
[SourceVersion "1"]
[SourceVersionDate "1998.06.02"]
[SourceQuality "1"]

1. d4 Nf6 2. Nf3 e6 3. c4 d5 4. Nc3 dxc4 5. e3 c5 6. Bxc4 a6 7. a3 b5 8. Ba2
Bb7 9. O-O Nbd7 (9... Be7 10. dxc5 Qxd1 11. Rxd1 Bxc5 12. b4 Be7 13. Bb2 Nbd7
14. Ne2 Rc8 15. Rac1 O-O $11 {1/2-1/2 Serrer,C-Beilfuss,W/BL2-W 1988 (20)}) (
9... cxd4 10. exd4 Be7 11. Qe2 Nd5 12. Ne4 Nd7 13. Re1 O-O 14. Neg5 Bxg5 15.
Bxg5 N7f6 16. Rad1 Qd6 17. Ne5 h6 18. Bd2 Rfe8 19. Qd3 Qb6 20. Qg3 $36 {
0-1 Pekarek,A-Kucera,P/CZE-chT 9697 1997 (33)}) 10. Re1 {[%cal Ge3e5]} Be7 11.
e4 cxd4 12. Nxd4 {[%cal Ge4e5,Ga2e6,Gd4e6]} Ne5 $1 13. Bf4 Ng6 14. Bg3 O-O 15.
e5 Nd5 16. Ne4 (16. Nxd5 Bxd5 17. Bxd5 Qxd5 18. Nf5 Qxd1 19. Nxe7+ Nxe7 20.
Rexd1 Nd5 21. Rac1 Rac8 $15 {[%csl Gd5,Rg3]}) 16... Ndf4 17. Qd2 (17. Rc1 Qb6 {
[%cal Yd8d1,Yf8d8]} 18. Rc2 Rfd8 19. Rd2 b4 $36) 17... Nh5 $1 (17... Bg5 $5 18.
Qd1 $8 $11 (18. Nxg5 Qxg5 $17 {[%cal Yf4h3,Yg5d2,Yb7g2,Yf4g2]})) 18. Rad1 Nxg3
19. Nxg3 Qb6 $15 {[%csl Rd4,Re5][%cal Yf8d8,Yd8d1] /-/+} 20. Bb1 Rfd8 21. Qe3
b4 (21... Bc5 22. Nge2 Nh4 23. f3 $15) 22. Bxg6 (22. a4 Bc5 23. Nge2 Rd5 24.
Bxg6 hxg6 $17 {-see game}) 22... hxg6 23. a4 Bc5 24. Nge2 Rd5 {[%cal Ya8d8,
Yd8d4,Yd8d1]} 25. Rd2 Rad8 26. Red1 {[%tqu "En","Find winning idea for the
black.","","","a6a5","",10]} a5 $1 $19 {[%cal Yd8d1,Yb6e3,Yb7a6,Ya6e2]} 27. Qf4
Ba6 28. b3 R8d7 (28... Bxe2 29. Nxe2 Be3 $1 $19 (29... Bxf2+ 30. Kh1 Be3 31.
Rxd5 Rxd5 32. Qf1 Qc5 $19)) 29. h4 Bxe2 30. Nxe2 Bxf2+ 31. Kf1 (31. Kh1 Be3 32.
Rxd5 Rxd5 33. Qf1 Qd8 $1 $19) 31... Be3 32. Rxd5 Rxd5 0-1

[Event "EU-chT (Men) 15th"]
[Site "Gothenburg"]
[Date "2005.08.05"]
[Round "7.1"]
[White "Agrest, Evgenij"]
[Black "Brynell, Stellan"]
[Result "1-0"]
[WhiteElo "2592"]
[BlackElo "2484"]
[Annotator "Huzman,A"]
[PlyCount "81"]
[EventDate "2005.07.30"]
[EventType "team-swiss"]
[EventRounds "9"]
[EventCountry "SWE"]
[SourceTitle "CBM 109"]
[Source "ChessBase"]
[SourceDate "2005.11.14"]
[SourceVersion "1"]
[SourceVersionDate "2005.11.14"]
[SourceQuality "1"]
[WhiteTeam "Sweden"]
[BlackTeam "Sweden III"]
[WhiteTeamCountry "SWE"]
[BlackTeamCountry "SWE"]

1. Nf3 d5 2. d4 Nf6 3. c4 dxc4 4. e3 e6 5. Bxc4 c5 6. O-O a6 7. a4 Nc6 8. Qe2
cxd4 9. Rd1 Be7 10. exd4 O-O 11. Nc3 Nb4 12. Ne5 Nfd5 13. Ne4 Nf6 (13... b6 14.
Ra3 (14. a5 b5 $5 15. Bb3 Bb7 16. Bd2 Rc8 17. Rac1 Nc6 $1 $11 {0-1 Flear,
G-Kupreichik,V/Hastings 39/475 1984/[Kupreichik,V] (36)}) 14... Bb7 (14... f6
15. Nf3 Ra7 16. Bd2 Rc7 17. Raa1 Re8 18. Rac1 Bf8 19. Bxb4 Nxb4 20. Nc3 Kh8 $11
{1-0 Vaisser,A-Sadler,M/Cappelle la Grande 1991/EXT 98 (75)}) 15. Rh3 Nc7 (
15... Nf6 16. Ng5 Nbd5 17. Bd3 h6 18. Nexf7 Rxf7 19. Qxe6 hxg5 20. Bg6 $18 {
1-0 Botsari,A-Flear,C/Pula 1997/CBM 57 ext (29)}) (15... f6 16. Qh5 fxe5 17.
Qxh7+ Kf7 18. dxe5 Ke8 19. Qxg7 $18 {1-0 Potapov,A-Danilovtsev,V/Omsk/Perm
1998/EXT 2000 (39)}) 16. Qg4 Ne8 17. Bxe6 Bxe4 18. Qxe4 Nf6 19. Qf5 $18 {
1-0 Plachetka,J-Tania,S/Olomouc 2002/CBM 89 ext (21)}) (13... Nb6 14. Ra3 $1 f6
15. a5 $1 Nxc4 16. Nxc4 Nd5 $14 {0-1 Geller,E-Kortschnoj,V/Moscow 1964/MCL/
[ChessBase] (35)}) (13... Bd7 14. Ra3 Be8 15. Rg3 Kh8 16. Qg4 g6 17. Rh3 Nf6
18. Nxf6 Bxf6 19. Bh6 Bg7 20. Qf4 $18 {1-0 Pavlovic,M-Hrzic,I/Belgrade SCG
2003/(28)}) (13... Qc7 14. Bb3 b6 15. Bd2 Bb7 16. Rac1 Qd8 17. a5 bxa5 18. Nc5
Bc8 19. Bxb4 Nxb4 20. Nxf7 Rxf7 21. Nxe6 Qd6 22. Ng5 $18 {1-0 Khmelnitski,
A-Feoktistov,A/Voronezh 2001/EXT 2002 (35)}) (13... f5 14. Nc3 Bf6 15. Qf3 Qd6
16. Nxd5 exd5 17. Bb3 Be6 18. Bf4 $16 {1-0 Pavlov,D-Gazizov,R/Samara 2002/CBM
89 ext (41)}) (13... f6 14. Nf3 b6 15. Bd2 (15. Nc3) 15... Re8 16. Rac1 Qd7 17.
Bb3 a5 18. Ne1 Ba6 19. Qh5 Bb7 $11 {0-1 Bator,Z-Hartman,C/Copenhagen 1985/MCD 
(34)}) 14. Nxf6+ Bxf6 15. Ra3 $1 {[%cal Ga3h3][%mdl 32] This is a typical and
very strong transfer of the Ra1 to attack on the king's side.} Qe7 $6 (15... b6
16. Qe4 Bb7 17. Qxb7 Bxe5 18. Rh3 Bf6 19. Bf4 Qc8 20. Qe4 g6 21. Be5 $36) (
15... Bd7 $5 16. Qe4 Bc6 17. Nxc6 bxc6 18. Rh3 g6 19. Bf4 Ra7 20. Be5 Rd7 $132)
16. Ng4 Bd7 (16... Bg5 17. Bxg5 Qxg5 18. Ne5 $16) 17. Nxf6+ Qxf6 18. Rg3 $1 {
[%cal Gc1g5][%mdl 4]} Bxa4 $2 ({The last chance for Black was} 18... b5 $1 19.
axb5 (19. Bg5 Qf5 20. Bh6 bxc4 21. Bxg7 f6 22. Qd2 Nd3 23. Bxf8+ Kxf8 24. b3
Qxf2+ 25. Qxf2 Nxf2 26. Kxf2 cxb3 27. a5 Bc6 $44 28. Rxb3 Ba4 29. Rdb1 Bxb3 30.
Rxb3 Rd8 31. Rb6 Ke7 32. Rxa6 Rxd4 $11) 19... axb5 20. Bg5 Qf5 21. Bh6 bxc4 22.
Bxg7 f6 23. Qd2 Nd3 24. b3 $1 Nf4 25. Bxf8+ Kxf8 26. bxc4 $16) 19. b3 Bc6 (
19... Bd7 20. Bg5 Qf5 21. Bh6 g6 22. Rf3 Qc2 23. Qe5 $1 Qxd1+ 24. Bf1 f6 25.
Rxf6 $18) (19... Bb5 20. Bg5 Qf5 21. Bh6 $18) 20. d5 $1 $18 {[%cal Gc1b2][%mdl
128] The Bc1 decides the game from the square b2.} Nxd5 21. Bb2 Qh6 22. Bxg7 (
22. Qe5 $1 $18) 22... Qxg7 23. Rxg7+ Kxg7 24. Qe5+ f6 (24... Kg8 25. Rd4 $18)
25. Qxe6 $18 Rae8 26. Qh3 Nf4 27. Qg3+ Ng6 28. f3 Re7 29. Rd6 Rfe8 30. h4 Re1+
31. Kh2 R1e5 32. Qg4 a5 33. Bd3 Kf7 34. f4 Rc5 35. h5 Nf8 36. Bc4+ Ke7 37. Rd2
Nd7 38. Be6 Nf8 39. Bg8 Nd7 40. Bxh7 Rf8 41. Bf5 1-0

[Event "EU-chT (Men) 15th"]
[Site "Gothenburg"]
[Date "2005.08.04"]
[Round "6.1"]
[White "Nielsen, Peter Heine"]
[Black "Baburin, Alexander"]
[Result "1-0"]
[WhiteElo "2668"]
[BlackElo "2523"]
[Annotator "Huzman,A"]
[PlyCount "61"]
[EventDate "2005.07.30"]
[EventType "team-swiss"]
[EventRounds "9"]
[EventCountry "SWE"]
[SourceTitle "CBM 109"]
[Source "ChessBase"]
[SourceDate "2005.11.14"]
[SourceVersion "1"]
[SourceVersionDate "2005.11.14"]
[SourceQuality "1"]
[WhiteTeam "Denmark"]
[BlackTeam "Ireland"]
[WhiteTeamCountry "DEN"]
[BlackTeamCountry "IRL"]

1. d4 {Wells} d5 2. c4 e6 3. Nf3 dxc4 4. e3 c5 5. Bxc4 a6 6. O-O Nf6 7. Bb3 Nc6
8. Nc3 Qc7 9. Qe2 Be7 (9... b5 10. d5 exd5 11. Nxd5 Nxd5 12. Bxd5 Bd6 13. b4 {
1/2-1/2 Alvarez Ibarra,R-Baron Rodriguez,J/Oropesa del Mar 1996/EXT 98 (26)} (
13. Ng5 $1 $16)) (9... Bd6 10. Bd2 (10. Rd1 O-O 11. dxc5 Bxc5 12. Bd2 (12. h3
Ne5 13. e4 Ng6 14. Be3 Bxe3 15. Qxe3 Bd7 16. e5 $16 {1-0 Boinowitz,T-Schlaeger,
U/Germany 1988/EXT 2003 (53)}) 12... e5 13. Rac1 e4 14. Ng5 Bg4 15. f3 exf3 16.
gxf3 Bh5 17. Nd5 $16 {1-0 Majer,D-Senk,C/Willingen 1999/EXT 2001 (64)}) (10. h3
O-O 11. Rd1 b5 (11... b6 12. Bd2 Bb7 13. Rac1 Rfd8 14. a3 Rac8 15. Ba2 $14 {
1-0 Stefansson,H-Karpatchev,A/Le Touquet 1999/EXT 2001 (36)}) 12. dxc5 Bxc5 13.
e4 Nh5 14. e5 Ng3 15. Qe1 Bb7 16. Bf4 Nf5 $11 {0-1 Wilhelmi,C-Karpatchev,A/
Leutersdorf 2000/EXT 2001 (36)}) 10... O-O 11. Rac1 b6 12. dxc5 Bxc5 13. Na4
Be7 14. e4 Bb7 15. e5 Nd7 16. Bf4 $11 {1/2-1/2 Cimmino,P-Valerio,G/ICCF 1999/
ICCF Telechess CBM 102 (29)}) 10. dxc5 (10. a3 O-O 11. Bc2 Rd8 12. dxc5 Bxc5
13. b4 Bd6 14. Bb2 Ne5 15. Rac1 Qe7 16. Nxe5 Bxe5 17. f4 Bb8 18. Ne4 $36 {
1-0 Griffiths,M-Yeo Ming Yang,E/Kuala Lumpur 2002/CBM 89 ext (38)}) 10... Bxc5
11. Bd2 (11. e4 Nd7 (11... Ng4 12. g3 O-O 13. Bf4 e5 14. Nd5 Qd6 (14... Qb8 15.
Bg5 h6 16. Bd2 Kh7 17. h3 $16 {1-0 Lamby,P-Brod,M/Vienna AUT 2003/(31)}) 15.
Bd2 Nf6 16. Be3 {1/2-1/2 Nielsen,P-Baburin,A/Bled 2002/EXT 2003 (16)}) 12. Be3
O-O 13. Rac1 b6 14. Bc2 Bb7 15. a3 Nde5 $11 {0-1 Kirusha,A-Krylov,M/St
Petersburg 2002/EXT 2003 (42)}) 11... O-O 12. Rac1 Bd6 (12... Rd8 13. Nd5 exd5
(13... Nxd5 14. Rxc5 $14) 14. Rxc5 Qe7 15. Rcc1 Bg4 16. Bd1 Ne5 $36 {0-1
Bandza,A-Frostick,C/ICCF 1999/ICCF Telechess CBM 102 (32)}) (12... Ng4 13. Qc4
Nce5 14. Nxe5 Nxe5 15. Qf4 Qb8 16. Ne4 $16 {1-0 Tupy,M-Kucera,P/CZE 2001/EXT
2003 (32)}) (12... Ba7 13. h3 Rd8 14. Rfd1 Bd7 15. e4 Be8 (15... Nh5 16. e5 $1)
16. e5 Nd7 17. Bg5 Rdc8 18. Bf4 $16 {1-0 Dautov,R-Arbakov,V/Bad Woerishofen
1998/CBM 63 ext/[Dautov] (62)}) (12... b6 13. Na4 (13. Ng5 Be7 14. Nce4 Bb7 15.
Bc3 Nd5 16. Qd3 Qd8 17. Nd6 Bxg5 18. Nxb7 Qd7 19. f4 Be7 20. e4 Nf6 21. Qxd7
Nxd7 22. Bxg7 Rfc8 23. Rfd1 Nc5 24. Nxc5 Bxc5+ 25. Rxc5 bxc5 26. Bf6 $44 {
1/2-1/2 Haug,U-Mueller,G/IECG 2002/Telechess CBM 95 (54)}) 13... Be7 14. e4 Bb7
15. Be3 Nd7 16. Rfd1 b5 17. Nc5 Nxc5 18. Bxc5 Rfd8 19. Rxd8+ Rxd8 20. Bxe7 Qxe7
$11 {1/2-1/2 Bekker Jensen,D-Sorensen,T/Copenhagen 1999/CBM 71 ext (61)}) (
12... Qe7 13. e4 e5 14. Nd5 Nxd5 15. Bxd5 Nd4 16. Nxd4 Bxd4 17. Rc4 a5 18. b4
Be6 19. bxa5 Rfd8 20. Bxe6 Qxe6 21. Rfc1 $14 {1/2-1/2 Mittelman,G-Levin,F/
Berlin 1998/CBM 66 ext (26)}) 13. e4 (13. h3 $5 Bd7 14. e4 $14) 13... Ng4 14.
Kh1 (14. h3 Nh2 15. Nxh2 Bxh2+ 16. Kh1 Bf4 $11) 14... Bf4 (14... Bxh2 15. g3
Bxg3 16. fxg3 Qxg3 17. Qg2 $18) (14... Rd8 15. h3 Nge5 16. Bg5 f6 17. Be3 $14)
15. Rfd1 Bxd2 16. Rxd2 Qf4 {Black tries to prevent the development plan of
White. White wants to seize space moving pawn e4 to e5.} (16... Bd7 $5 17. h3
Nge5 18. Nxe5 Nxe5 19. Qe3 (19. f4 Ng6 20. Qf2 Bc6) 19... Bc6 20. f4 Ng6 21. f5
$5 $36) 17. g3 Qh6 18. Rcd1 e5 $6 {[%cal Gb3f7]} (18... Qh3 $5 19. Qf1 Qh5 $132
) 19. h4 $1 {Wells: 'Avoids tricks with...Nd4 and opens the possibility of Ng5
too. '} Be6 ({Black could force White to sacrifice an exchange by} 19... Nf6 $1
20. Ng5 $1 (20. Nd5 Bg4 21. Ne3 Bh5 $15) (20. Rd6 Bg4 $15) 20... Nd4 (20... Bg4
21. f3 Nd4 22. Rxd4 exd4 23. Rxd4 Bh5 24. e5 $36) 21. Rxd4 exd4 22. Rxd4 $44 {
[%csl Rh6][%cal Ge4e5] but after this the position of White looks very
promising.}) 20. Rd6 Rad8 (20... Bxb3 $5 21. axb3 (21. Rxh6 Bxd1 22. Nxd1 Nxh6
$15) 21... f6 22. Nd5 $14) 21. Rxd8 Nxd8 (21... Rxd8 22. Rxd8+ Nxd8 23. Ng5
Bxb3 24. axb3 (24. Qxg4 Be6 25. Qd1 Qf6 26. Qd6 h6 27. Nxe6 Nxe6 28. Kg1 $14)
24... Nf6 25. Qd1 Nc6 26. Qd6 $36 {[%cal Gd6c7]}) 22. Ng5 $1 Bxb3 23. axb3 Nf6
$2 {After this passive move White gets a decisive advantage.} ({Black had good
chances to save the game after} 23... Qh5 $1 {'!?' Wells.} 24. Nf3 (24. Rd7 Nc6
25. Rxb7 Nd4 26. Qf1 h6 27. Nh3 Nf6 $44) (24. f3 Nf6 25. Rd6 Nc6 $13) (24. Kg1
Nc6 25. Nf3 f5 $132) 24... Nf6 25. Nd5 Nxd5 26. Rxd5 f6 27. b4 Ne6 $11) 24. Rd6
$16 {[%mdl 32]} Nc6 {Wells: 'Very casual. Black seems to have missed numerous
chances to prepare for a return of his queen to the action. Now there will
already be no decent way back.'} (24... Re8 25. b4 Ne6 26. Nxe6 fxe6 27. b5 a5
28. Qd1 $16) (24... Qh5 {Wells} 25. Qxh5 Nxh5 26. Nd5 $14) 25. Nd5 Rd8 $2 (
25... Re8 26. b4 (26. Qf3 {Wells} Nd4 27. Nxf6+ gxf6 28. Qxf6 Qxf6 29. Rxf6 Re7
{still gives some chances for the defence.}) 26... Qg6 27. Qf3 Nd4 28. Nxf6+
gxf6 29. Qxf6 $16) 26. Rxd8+ {Wells: 'Logical, plenty good enough and ideal
for the illustration of our theme, but in fact'} (26. Qc4 $1 {[%csl Rc6,Rf7]
[%cal Gc4c6,Gd6d8] Wells also would have caused a very nasty accident.}) 26...
Nxd8 27. Ne7+ Kf8 (27... Kh8 28. Qd3 $18) 28. Nf5 $18 Qg6 (28... Qh5 29. Qd3
Nc6 30. Qd6+ Kg8 31. Ne7+ Kh8 32. Nxc6 $18) 29. Qd2 {Wells: 'and White's queen
will invade with devastating force. It is as simple as this - the black queen
is simply not fulfilling the role which could reasonably be expected of her,
and each reduction of material elsewhere brought this into even sharper focus.'
} Nc6 (29... Ke8 30. Qd6 Ng8 31. Qc7 $18) 30. Qd6+ Ke8 (30... Kg8 31. Ne7+ $18)
31. Qc7 $1 1-0